000 00556nam a2200193Ia 4500
005 20250326144859.0
008 250326s9999 xx 000 0 und d
020 _a0-7619-3261-5
037 _aTextbook
040 _aFMSL
_beng
_cFMSL
041 _aeng
_2eng
084 _aX:8obD658(2:55).44 P4
_qFMSL
100 _aJoshi V C
245 0 _ae-Fice log into the future
_cJoshi V C
260 _aNew Delhi
_bNew Delhi, Response Books
_c2004
300 _axii,219
942 _cTB
_hX:8obD658(2:55).44 P4
999 _c1305443
_d1305443